[Event "Kochan Memorial op 24th"]
[Site "Koszalin"]
[Date "2013.08.17"]
[Round "9"]
[White "Czajkowski, Adam"]
[Black "Dabrowski, Damian"]
[Result "1-0"]
[WhiteElo "1933"]
[BlackElo "1593"]
[PlyCount "120"]
[EventDate "2013.08.10"]
[EventType "swiss"]
[EventRounds "9"]
[EventCountry "POL"]
[SourceTitle "CBM 155 Extra"]
[Source "ChessBase"]
[SourceDate "2013.08.26"]
[SourceVersion "1"]
[SourceVersionDate "2013.08.26"]
[SourceQuality "1"]

1. e4 c5 2. Nf3 Nc6 3. Bb5 g6 4. 0-0 Bg7 5. Re1 Nf6 6. c3 0-0 7. d4 cxd4 8. cxd4 d5 9. e5 Ne4 10. Nc3 Bf5 11. Nh4 Nxc3 12. bxc3 Bd7 13. Bd3 Rc8 14. f4 e6 15. Qg4 Na5 16. Bd2 Qc7 17. Re3 Nc4 18. Bxc4 Qxc4 19. Rh3 Rc6 20. Nf3 Ra6 21. Qh4 h5 22. g4 Rxa2 23. Rxa2 Qxa2 24. gxh5 gxh5 25. Rg3 Qb1+ 26. Ne1 a5 27. f5 Qxf5 28. Bh6 Bb5 29. Qf6 Qxf6 30. exf6 a4 31. Rxg7+ Kh8 32. Bc1 Rc8 33. Rg3 Be8 34. Ng2 Bb5 35. Ba3 Be2 36. Kf2 Bg4 37. Nh4 Rc7 38. h3 Bd1 39. Ke1 Bc2 40. Kd2 Be4 41. Rg5 Bg6 42. Nxg6+ fxg6 43. Rxg6 Kh7 44. Rg1 Rf7 45. Be7 Kh6 46. h4 b5 47. Kc2 Kh7 48. Kb2 Kh6 49. Ka3 Kh7 50. Kb4 Kh6 51. Rg5 Kh7 52. Kxb5 a3 53. Rg2 Kh6 54. Kb4 Kh7 55. Kxa3 Kh6 56. Kb4 Kh7 57. Kc5 Kh6 58. Kd6 Kh7 59. Kxe6 Rxe7+ 60. fxe7 Kh6 1-0

[Event "Kochan Memorial op 24th"]
[Site "Koszalin"]
[Date "2013.08.16"]
[Round "8"]
[White "Dabrowski, Damian"]
[Black "Koszowski, Krystian"]
[Result "1-0"]
[WhiteElo "1593"]
[BlackElo "1721"]
[PlyCount "33"]
[EventDate "2013.08.10"]
[EventType "swiss"]
[EventRounds "9"]
[EventCountry "POL"]
[SourceTitle "CBM 155 Extra"]
[Source "ChessBase"]
[SourceDate "2013.08.26"]
[SourceVersion "1"]
[SourceVersionDate "2013.08.26"]
[SourceQuality "1"]

1. e4 e5 2. Nf3 Nc6 3. d4 exd4 4. Nxd4 Bc5 5. Be3 Qf6 6. c3 Nge7 7. Bc4 Qg6 8. 0-0 Ne5 9. Be2 Qxe4 10. Nd2 Qg6 11. Nb5 Bxe3 12. fxe3 Qb6 13. Nc4 0-0 14. Nxb6 axb6 15. Nxc7 Ra5 16. b4 Ra3 17. Nb5 1-0

[Event "Kochan Memorial op 24th"]
[Site "Koszalin"]
[Date "2013.08.14"]
[Round "6"]
[White "Dabrowski, Damian"]
[Black "Los, Kazimierz"]
[Result "1-0"]
[WhiteElo "1593"]
[BlackElo "1388"]
[PlyCount "45"]
[EventDate "2013.08.10"]
[EventType "swiss"]
[EventRounds "9"]
[EventCountry "POL"]
[SourceTitle "CBM 155 Extra"]
[Source "ChessBase"]
[SourceDate "2013.08.26"]
[SourceVersion "1"]
[SourceVersionDate "2013.08.26"]
[SourceQuality "1"]

1. e4 e6 2. d4 d5 3. Nd2 Be7 4. Bd3 dxe4 5. Nxe4 Nc6 6. c3 Nf6 7. f4 Qd5 8. Qf3 a6 9. Ne2 b5 10. Nxf6+ Bxf6 11. Be4 Qd6 12. Bxc6+ Bd7 13. Bxa8 0-0 14. Be4 Rb8 15. 0-0 b4 16. Rb1 a5 17. Be3 Bb5 18. Rfe1 Bc4 19. b3 Ba6 20. cxb4 axb4 21. Rbc1 Bh4 22. g3 Be7 23. Rc6 1-0

[Event "Kochan Memorial op 24th"]
[Site "Koszalin"]
[Date "2013.08.13"]
[Round "5"]
[White "Turzynska, Grazyna"]
[Black "Dabrowski, Damian"]
[Result "1/2-1/2"]
[WhiteElo "1487"]
[BlackElo "1593"]
[PlyCount "64"]
[EventDate "2013.08.10"]
[EventType "swiss"]
[EventRounds "9"]
[EventCountry "POL"]
[SourceTitle "CBM 155 Extra"]
[Source "ChessBase"]
[SourceDate "2013.08.26"]
[SourceVersion "1"]
[SourceVersionDate "2013.08.26"]
[SourceQuality "1"]

1. e4 c5 2. c4 Nc6 3. Ne2 g6 4. d4 cxd4 5. Nxd4 Bg7 6. Be3 d6 7. Nc3 Nf6 8. Be2 0-0 9. 0-0 Bd7 10. Qd2 Ng4 11. Bxg4 Bxg4 12. f3 Bd7 13. Rac1 Qa5 14. Rfd1 Nxd4 15. Bxd4 Be6 16. b3 Kh8 17. Rc2 a6 18. Qf2 Bxd4 19. Qxd4+ f6 20. Ne2 Rac8 21. Qb2 Rc7 22. Nf4 Bf7 23. Nd5 Bxd5 24. exd5 Rfc8 25. Re2 b5 26. cxb5 Qxb5 27. h3 Kg7 28. Rde1 Kf7 29. Qd4 Qc5 30. Qxc5 dxc5 31. Re6 Ra7 32. Rc1 Rd7 1/2-1/2